| 000 | 00345nam a22001337a 4500 | ||
|---|---|---|---|
| 020 | _a9789811321337 | ||
| 040 | _cNUST | ||
| 082 |
_a006.3 _bZHU |
||
| 100 |
_aZhu, Yuanguo _9127888 |
||
| 245 |
_aUncertain Optimal Control / _cYuanguo Zhu |
||
| 260 |
_aSingapore : _bSpringer, _c2019. |
||
| 300 |
_a208p. ; _bHardbinding , _c23cm. |
||
| 942 |
_2ddc _cBK |
||
| 999 |
_c612902 _d612902 |
||